000 00664nam a22002177a 4500
005 20230711151544.0
007 ta
008 230606s1998 ve |||||r|||| 001 0 spa d
020 _a9803661604
040 _avecauma
_cvecauma
_dvecauma
099 _aHD8366.5
_bC6
100 1 _96243
_aConcheso, Aurelio F.
245 1 0 _aMisión imposible :
_bla reforma laboral y previsional venezolana
260 _aCaracas :
_bCEDICE :
_bPanapo,
_c1998.
300 _a223 p.
490 0 _aVenezuela Hoy
_v11
650 0 _aSEGURIDAD SOCIAL
_zVENEZUELA
_94152
650 0 _97510
_aPOLITICA LABORAL
_zVENEZUELA
942 _2lcc
_cBK
999 _c6203
_d6203